|
|
|
|
| LEADER |
00652nam a2200217Ia 4500 |
| 008 |
141004s9999 xx 000 0 und d |
| 040 |
|
|
|c a
|
| 041 |
|
|
|a English
|
| 082 |
|
|
|a FR
|
| 082 |
|
|
|b ST
|
| 100 |
|
|
|a forest survey of india
|
| 245 |
|
|
|a State of forest report 2009
|
| 245 |
|
|
|c forest survey of india
|
| 260 |
|
|
|b forest survey of india
|
| 260 |
|
|
|c 1999
|
| 300 |
|
|
|a 140
|
| 501 |
|
|
|a COF
|
| 650 |
|
|
|a Forest resources in india, forest cover, forest resources of states in india
|
| 942 |
|
|
|c BK
|
| 999 |
|
|
|c 172722
|d 172722
|
| 952 |
|
|
|0 0
|1 0
|4 0
|6 FR_ST
|7 0
|9 177880
|a KAUCOF
|b KAUCOF
|o FR ST
|p KAU_COF-3061
|r 2014-10-04
|w 2014-10-04
|y BK
|